|
|
|
|
| LEADER |
00953nam a2200265 a 4500 |
| 001 |
AAL7294 |
| 003 |
BD-DhAAL |
| 005 |
20160725122813.0 |
| 008 |
160725s2008 enkh 000 d eng c |
| 020 |
|
|
|a 9846430286
|
| 020 |
|
|
|a 864249524X
|
| 040 |
|
|
|a StDuBDS
|b eng
|c StDuBDS
|d WlAbNL
|d Uk
|d BD-DhAAL.
|
| 082 |
0 |
4 |
|a 842.912
|2 22
|
| 100 |
1 |
|
|a Beckett, Samuel,
|d 1906-1989.
|9 5784
|
| 245 |
1 |
0 |
|a Waiting for Godot /
|c Samuel Beckett.
|
| 260 |
|
|
|a Dhaka :
|a New Delhi :
|b Friends' Book Corner,
|b Book World,
|c 2008
|
| 300 |
|
|
|a xii, 274 p. ;
|c 22 cm.
|
| 504 |
|
|
|a Includes bibliographical references (p. 275)
|
| 541 |
|
|
|e 7294
|
| 650 |
0 |
|
|a Waiting (Philosophy)
|v Drama.
|9 5785
|
| 650 |
0 |
|
|a Time
|v Drama.
|9 5786
|
| 852 |
4 |
|
|a Savar Campus Library
|j General shelf
|
| 942 |
|
|
|2 ddc
|c BK
|
| 999 |
|
|
|c 37733
|d 37733
|
| 952 |
|
|
|0 0
|1 0
|2 ddc
|4 0
|6 842_912000000000000_BEC
|7 0
|9 59451
|a SCL
|b SCL
|c GEN
|d 2016-07-25
|l 8
|m 34
|o 842.912 BEC
|p 3020007294
|r 2026-04-15
|s 2026-04-02
|t 1
|w 2016-07-25
|y BK
|